000
00284nam a2200121Ia 4500
008
220204s9999 xx 000 0 und d
082
_a
012.56319444
_b
BLA
100
_a
Blalock, H M
245
0
_a
Social statistics
250
_a
2
260
_a
London
_b
McGraw Hill
_c
1972
942
_c
BK
999
_c
30514
_d
30514